Environmental Science (VAC3)/ (Record no. 11739)

MARC details
000 -LEADER
fixed length control field 00627nam a22002177a 4500
005 - DATE AND TIME OF LATEST TRANSACTION
control field 20240220122040.0
008 - FIXED-LENGTH DATA ELEMENTS--GENERAL INFORMATION
fixed length control field 240220b ||||| |||| 00| 0 eng d
020 ## - INTERNATIONAL STANDARD BOOK NUMBER
International Standard Book Number 9789360782337
040 ## - CATALOGING SOURCE
Original cataloging agency IN-DiNC
Transcribing agency IN-DiNC
041 ## - LANGUAGE CODE
Language code of sung or spoken text English
082 ## - DEWEY DECIMAL CLASSIFICATION NUMBER
Classification number 333.7
Item number SEN
100 ## - MAIN ENTRY--PERSONAL NAME
Personal name Sen, Sanjay
Relator term Author
245 ## - TITLE STATEMENT
Title Environmental Science (VAC3)/
Statement of responsibility, etc. by Sanjay Sen, Himadree Phukan and Plabita Baruah
250 ## - EDITION STATEMENT
Edition statement 1st imp.
260 ## - PUBLICATION, DISTRIBUTION, ETC.
Place of publication, distribution, etc. Guwahati:
Name of publisher, distributor, etc. Ashok publication,
Date of publication, distribution, etc. 2024.
300 ## - PHYSICAL DESCRIPTION
Extent 152p.
650 ## - SUBJECT ADDED ENTRY--TOPICAL TERM
Topical term or geographic name entry element Environmental degredation
700 ## - ADDED ENTRY--PERSONAL NAME
Personal name Phukan, Himadree
Relator term Author
700 ## - ADDED ENTRY--PERSONAL NAME
Personal name Baruah, Plabita
Relator term Author
942 ## - ADDED ENTRY ELEMENTS (KOHA)
Source of classification or shelving scheme Dewey Decimal Classification
Koha item type Books
Holdings
Withdrawn status Lost status Source of classification or shelving scheme Damaged status Not for loan Collection code Home library Current library Shelving location Date acquired Cost, normal purchase price Total Checkouts Full call number Barcode Date last seen Date last checked out Copy number Price effective from Koha item type Date due
    Dewey Decimal Classification     Economics Central Library, Naharkatiya College Central Library, Naharkatiya College General Stacks 20/02/2024 195.00 3 333.7 SEN 29855 12/02/2026 06/02/2026 1 20/02/2024 Books  
    Dewey Decimal Classification     Economics Central Library, Naharkatiya College Central Library, Naharkatiya College General Stacks 20/02/2024 195.00 14 333.7 SEN 29856 05/05/2026 05/05/2026 2 20/02/2024 Books 22/05/2026

Naharkatiya College © 2020. All rights reserved.

Powered By